书目信息 |
| 题名: |
世界雕塑名作100讲
|
|
| 作者: | 王家斌 , 王 鹤 著 | |
| 分册: | 第一讲 | |
| 出版信息: | 天津 百花文艺出版社 2007 |
|
| 页数: | 303页 | |
| 开本: | 20cm | |
| 丛书名: | 艺术名作百讲丛书 | |
| 单 册: | ||
| 中图分类: | J305.1 , K815.72 | |
| 科图分类: | ||
| 主题词: | 雕塑--艺术家--生平事迹--世界 , 雕塑--鉴赏--世界 | |
| 电子资源: | ||
| ISBN: | 978-7-5306-4565-9 | |
| 000 | 00980oam2 2200277 450 | |
| 001 | 07079000478 | |
| 005 | 20070721153350.26 | |
| 010 | @a978-7-5306-4565-9@dCNY31.00 | |
| 100 | @a20060301d2007 ekmy0chiy0120 ea | |
| 101 | 0 | @achi |
| 102 | @aCN@b120000 | |
| 105 | @aa z 000yd | |
| 200 | 1 | @a世界雕塑名作100讲@Ashi jie diao su ming zuo 100 jiang@h第一讲@f王家斌, 王 鹤著 |
| 210 | @a天津@c百花文艺出版社@d2007 | |
| 215 | @a303页@c图@d20cm | |
| 225 | 2 | @a艺术名作百讲丛书 |
| 330 | @a本书精选了世界最著名的100位雕塑大师的代表作,从作品当时创作的年代、内容以及作品如何创作产生和雕塑产品的艺术形式进行了精辟的讲述,同时也对世界著名的100位雕塑大师进行了较为详尽的介绍。 | |
| 461 | 0 | @12001 @a艺术名作百讲丛书 |
| 606 | 0 | @a雕塑@x艺术家@x生平事迹@y世界 |
| 606 | 0 | @a雕塑@x鉴赏@y世界 |
| 690 | @aJ305.1@v4 | |
| 690 | @aK815.72@v4 | |
| 701 | 0 | @a王家斌@Awang jia bin@4著 |
| 701 | 0 | @a王 鹤@Awang he@4著 |
| 801 | 0 | @aCN@bTJXH@c20070721@d本社 |
| 905 | @a10447@dJ305.1@e25 | |
| 世界雕塑名作100讲.第一讲/王家斌, 王 鹤著.-天津:百花文艺出版社,2007 |
| 303页:图;20cm.-(艺术名作百讲丛书) |
| ISBN 978-7-5306-4565-9:CNY31.00 |
| 本书精选了世界最著名的100位雕塑大师的代表作,从作品当时创作的年代、内容以及作品如何创作产生和雕塑产品的艺术形式进行了精辟的讲述,同时也对世界著名的100位雕塑大师进行了较为详尽的介绍。 |
| ● |
| 相关链接 |
|
|
|
|
正题名:世界雕塑名作100讲
索取号:J305.1/25
 
预约/预借
| 序号 | 登录号 | 条形码 | 馆藏地/架位号 | 状态 | 备注 |
| 1 | 0822942 | 208229424 | 第一样本阅览室/ [索取号:J305.1/25] | 在馆 | |
| 2 | 0822943 | 208229433 | 第一借阅区/ [索取号:J305.1/25] | 在馆 | |
| 3 | 0822944 | 208229442 | 第一借阅区/ [索取号:J305.1/25] | 在馆 | |
| 4 | 0822945 | 208229451 | 第一借阅区/ [索取号:J305.1/25] | 在馆 | |
| 5 | 0822946 | 208229460 | 第一借阅区/ [索取号:J305.1/25] | 在馆 |